Digitálny preukaz BibToGo a ďalšie inovácie v knižnici Goetheho Inštitútu

Bibliographic Details
Main Author: Hvorecký, Michal (Author)
Other Authors: Velčeková, Klára (tlr)
Format: Article
Language:Slovak
English
ISBN:9788082270153
Subjects:

MARC

LEADER 00000nab a2200000 4500
001 vtls012258217
003 SK-MaSNL
005 20260426084254.0
008 240618|2020 xo wr p || |||| ||slo
015 |a SNBRA 2015  |2 svkbbbg 
038 |a SVKBBBG 
040 |a SVKBBBG  |b slo  |c SVKBBBG  |e rda 
041 0 |a slo  |a eng 
043 |a e-xo--- 
044 |a xo  |c SK 
072 7 |a 004.9  |x Špeciálne počítačové metódy. Počítačová grafika  |2 konspekt 
080 |a 004.9:621.395.721.5  |2 2011 
080 |a 621.391.037.37  |2 2011 
080 |a 024.5/.6  |2 2011 
080 |a (437.611)  |2 2011 
080 |a (046)  |2 2011 
100 1 |a Hvorecký, Michal  |4 aut  |9 1464934 
245 1 0 |a Digitálny preukaz BibToGo a ďalšie inovácie v knižnici Goetheho Inštitútu  |c Michal Hvorecký, Klára Velčeková 
336 |a text  |b txt  |2 rdacontent 
337 |a bez média  |b n  |2 rdamedia 
338 |a zväzok  |b nc  |2 rdacarrier 
500 |a anglický text na strane 
546 |a Súbežný názov a text v angličtine ; anglicky a slovenský abstrakt a kľúčové slová 
610 2 7 |a Goetheho inštitut  |2 SNKMA  |9 1464935 
650 0 7 |a mobilné aplikácie  |2 SNKPH  |9 182136 
650 0 7 |a digitálne prenosové systémy  |2 SNKPH  |9 68818 
650 0 7 |a knižničné služby  |2 SNKPH  |9 64475 
650 0 7 |a Mobile applications  |2 SNKPHeng  |9 609710 
650 0 7 |a Digital communications  |2 SNKPHeng  |9 360273 
650 0 7 |a Library services  |2 SNKPHeng  |9 302780 
651 7 |a Bratislava (Slovensko)  |2 SNKPHgeo  |9 14568 
651 7 |a Bratislava (Slovakia)  |2 SNKPHeng  |9 171234 
655 7 |a články  |2 SNKPH  |9 70601 
655 7 |a Journal articles  |2 SNKPHeng  |9 279737 
700 1 |a Velčeková, Klára  |4 tlr  |9 483597 
773 0 |t Nové služby modernej knižnice - Škola prežitia knižnice v digitálnom prostredí  |d Banská Bystrica : Štátna vedecká knižnica v Banskej Bystrici, 2023  |g S. 46-49  |z 9788082270153 
852 |a SVKBB  |b KIS3GCP 
958 |a NB 
958 |a PM 
958 |a BX 
999 |c 2927713  |d 2929643